Bài tập trắc nghiệm cơ học và phương pháp giải
Nội dung sách gồm 3 phần: phần 1: tĩnh học; phần 2: động học; phần 3: động lực học.
Tallennettuna:
| Päätekijä: | |
|---|---|
| Aineistotyyppi: | Kirja |
| Kieli: | Undetermined |
| Julkaistu: |
Thành phố Hồ Chí Minh
Đại học Quốc gia Thành phố Hồ Chí Minh
2007
|
| Aiheet: | |
| Tagit: |
Lisää tagi
Ei tageja, Lisää ensimmäinen tagi!
|
| Thư viện lưu trữ: | Trung tâm Học liệu Trường Đại học Cần Thơ |
|---|
| LEADER | 00885nam a2200217Ia 4500 | ||
|---|---|---|---|
| 001 | CTU_140645 | ||
| 008 | 210402s9999 xx 000 0 und d | ||
| 020 | |c 18000 | ||
| 082 | |a 531.1076 | ||
| 082 | |b C561 | ||
| 100 | |a Vũ, Duy Cường | ||
| 245 | 0 | |a Bài tập trắc nghiệm cơ học và phương pháp giải | |
| 245 | 0 | |c Vũ Duy Cường | |
| 260 | |a Thành phố Hồ Chí Minh | ||
| 260 | |b Đại học Quốc gia Thành phố Hồ Chí Minh | ||
| 260 | |c 2007 | ||
| 520 | |a Nội dung sách gồm 3 phần: phần 1: tĩnh học; phần 2: động học; phần 3: động lực học. | ||
| 650 | |a Dynamics,Mechanics,Cơ học | ||
| 650 | |x Problems, exercises, etc,Problems, exercises, etc,Câu hỏi, bài tập v.v.. | ||
| 904 | |i Tuyến | ||
| 980 | |a Trung tâm Học liệu Trường Đại học Cần Thơ | ||